Ethnic identity and the status of women : (Record no. 2007)
[ view plain ]
| 000 -LEADER | |
|---|---|
| fixed length control field | 00278nam a2200097Ia 4500 |
| 008 - FIXED-LENGTH DATA ELEMENTS--GENERAL INFORMATION | |
| fixed length control field | 240331s9999 xx 000 0 und d |
| 082 ## - DDC Classification | |
| Item Number - Author Mark | ETH |
| 100 ## - MAIN ENTRY--PERSONAL NAME | |
| Personal name | ICES. ed |
| 245 #0 - TITLE STATEMENT | |
| Title | Ethnic identity and the status of women : |
| Remainder of title | Report on an international workshop-Sep.9-11,1984 |
| 942 ## - Koha item type (Biblio) | |
| Koha item type | Books in Stacks (Lending) |
No items available.
